Welcome to West Wallaby Street (Record no. 379445)

MARC details
000 -LEADER
fixed length control field 00255nam a2200097Ia 4500
082 ## - DEWEY DECIMAL CLASSIFICATION NUMBER
Classification number EKF SELB
008 - FIXED-LENGTH DATA ELEMENTS--GENERAL INFORMATION
fixed length control field 210817s9999 xx 000 0 und d
100 ## - MAIN ENTRY--PERSONAL NAME
Personal name SELBY, Rona London, 2003
9 (RLIN) 92946
245 #0 - TITLE STATEMENT
Title Welcome to West Wallaby Street
942 ## - ADDED ENTRY ELEMENTS
item type Books
Holdings
Withdrawn status Lost status Damaged status Not for loan Home library Current library Date acquired Cost, normal purchase price Total Checkouts Barcode Date last seen Price effective from item type
        Wakkerstroom Wakkerstroom 20.08.2021 52.00   33228016317347 20.08.2021 20.08.2021 Books